000 003860000a22001210004500
090 _aAS
_bSeriadas
245 1 0 _aDesembrinibis cayennensis (<aves: Threskiornithidae>) en Puerto Leguízamo, Putumayo, Colombia
041 0 _aEspañol
700 1 _aBurbano, María Elena
_999436
100 1 _aBarreto, Mauricio
_998968
942 _cARTICULO
773 1 _tCespedesia
_3124
_h68
_q175-178
_d1996
_g21
999 _c14996
_d14996